Birds of North America Quiz Stats

 Plays Quiz Updated Oct 1, 2016

Support Sporcle.
Go Orange.
Score 0/20 Timer 05:00
2 Plays Today
% Correct
Blue Jay
94.6%
Northern Cardinal
93.5%
Wild Turkey
93.1%
Canada Goose
89.3%
Pileated Woodpecker
88.4%
Great Blue Heron
88.2%
American Robin
87.1%
Greater Roadrunner
86.8%
Whooping Crane
82.5%
Wood Duck
80.3%
% Correct
Baltimore Oriole
79.6%
Common Loon
78.8%
Painted Bunting
78%
Military Macaw
76.7%
California Quail
76.5%
Northern Mockingbird
74.9%
Western Meadowlark
68.3%
Resplendent Quetzal
66%
Willow Ptarmigan
64.7%
American Woodcock
60.1%

From the Vault

Three Letter 'I' Words

by Chenchilla

It will be hard to take your 'I' off this one.
Remove Ads.
Support Sporcle.
Get the best of Sporcle when you Go Orange. This ad-free experience offers more features, more stats, and more fun while also helping to support Sporcle. Thank you for becoming a member.

Show Comments

Extras

Top Quizzes Today


Score Distribution

Your Account Isn't Verified!

In order to create a playlist on Sporcle, you need to verify the email address you used during registration. Go to your Sporcle Settings to finish the process.

Report this User

Report this user for behavior that violates our Community Guidelines.

Details: